Sondage - Qui est arrivé en premier, l'œuf ou la poule ? - Statistiques

Statistiques générales
  • Ce quiz a été pris 41 fois
  • Le résultat moyen est 4 sur 8
Answers on the Grid
Answers color-coded by a green-red scale on the quiz's grid according to % correct below.
Sélectionne
Sélectionne
Sélectionne
Sélectionne
L'œuf
L'œuf
La poule
La poule
Sélectionne
Sélectionne
Sélectionne
Sélectionne
 
Statistiques - réponses
Réponse % Correct
Sélectionne
81%
Sélectionne
50%
Sélectionne
50%
Sélectionne
47%
Sélectionne
44%
Sélectionne
44%
Sélectionne
44%
Sélectionne
41%
Aucun quiz correspondant
Distribution des résultats
% des personnes avec chaque résultat
Percentile par nombre de réponses
Votre historique - résultats
Vous n’avez pas pris ce quiz